Conversaciones sobre la pluralidad de los mundos / (Record no. 82220)

MARC details
000 -LEADER
campo de control de longitud fija 00937nam a2200253 i 4500
001 - NÚMERO DE CONTROL
campo de control 82220
003 - IDENTIFICADOR DE NÚMERO DE CONTROL
campo de control ES-MaACL
005 - FECHA Y HORA DE LA ÚLTIMA TRANSACCIÓN
campo de control 20250730063114.0
007 - CAMPO FIJO DE DESCRIPCIÓN FÍSICA--INFORMACIÓN GENERAL
campo de control de longitud fija t|
008 - DATOS DE LONGITUD FIJA--INFORMACIÓN GENERAL
campo de control de longitud fija 041201s1983 sp ||||1| spa d
020 ## - NÚMERO INTERNACIONAL ESTÁNDAR DEL LIBRO
Número Internacional Estándar del Libro 84-276-0595-1
080 ## - NÚMERO DE LA CLASIFICACIÓN DECIMAL UNIVERSAL
Número de la Clasificación Decimal Universal 113"16"
100 1# - ENTRADA PRINCIPAL--NOMBRE DE PERSONA
Nombre de persona Fontenelle, Bernard le Bouyer de,
Fechas asociadas al nombre 1657-1757
9 (RLIN) 127106
245 10 - MENCIÓN DEL TÍTULO
Título Conversaciones sobre la pluralidad de los mundos /
Mención de responsabilidad, etc. Bernard le Bouvier de Fontenelle ; edición preparada por Antonio Beltrán Martí.
260 ## - PUBLICACIÓN, DISTRIBUCIÓN, ETC.
Lugar de publicación, distribución, etc. Madrid :
Nombre del editor, distribuidor, etc. Editora Nacional,
Fecha de publicación, distribución, etc. 1983.
300 ## - DESCRIPCIÓN FÍSICA
Extensión 179 p. ;
Dimensiones 21 cm.
490 1# - MENCIÓN DE SERIE
Mención de serie Clásicos para una biblioteca contemporanea ;
Designación de volumen o secuencia 14.
Mención de serie Pensamiento
650 #4 - PUNTO DE ACCESO ADICIONAL DE MATERIA--TÉRMINO DE MATERIA
Término de materia o nombre geográfico como elemento de entrada Pluralidad de mundos.
9 (RLIN) 154833
700 1# - ENTRADA AGREGADA--NOMBRE PERSONAL
Nombre de persona Beltrán Marí, Antonio.
9 (RLIN) 27371
830 0# - PUNTO DE ACCESO ADICIONAL DE SERIE-TÍTULO UNIFORME
Título uniforme Clásicos para una biblioteca contemporanea ;
Designación de volumen o secuencia 14.
Título uniforme Pensamiento
9 (RLIN) 183674
852 ## - LOCALIZACIÓN
Ubicación ES-MaACL
Número de control de estantería E-10531
Sublocalización o colección R.134670
852 ## - LOCALIZACIÓN
Ubicación ES-MaACL
Número de control de estantería L-4678
Holdings
Estatus retirado Estado de pérdida Estado de daño No para préstamo Biblioteca de origen Biblioteca actual Ubicación en estantería Fecha de adquisición Fuente de adquisición Total de préstamos Signatura topográfica completa Código de barras Visto por última vez Precio de reemplazo Tipo de ítem Koha
        Biblioteca del Ateneo de Madrid Biblioteca del Ateneo de Madrid Depósito 2 17/01/2008     E-10531 1085932 23/02/2023 23/02/2023 Libro impreso
        Biblioteca del Ateneo de Madrid Biblioteca del Ateneo de Madrid Depósito 2 04/06/2014     L-4678 1192819 23/02/2023 23/02/2023 Libro impreso